000 01550nam a2200289Ia 4500
999 _c52911
_d52911
001 19941
003 GE_BSU
005 20200517222931.0
008 181216s1994||||ge |||||||||||||| ||geo||
020 _a5-520-01069-2
040 _cGE_BSU
041 _ageo
080 _a811.353.1(092ჭავჭავაძე ი.) ჭ-85
100 _aჭუმბურიძე, ზურაბ
_98055
245 _aილია ჭავჭავაძის ენა და ტექსტის დადგენის ზოგიერთი საკითხი /
_cზურაბ ჭუმბურიძე ; რედ. გ. აბაშიძე.
264 _aთბილისი :
_bმეცნიერება,
_c1994.
300 _a133 გვ. ;
_c19 სმ.
504 _aბიბლიოგრაფია ტექსტის შენიშვნები
541 _h5ლ.
653 _aილია ჭავჭავაძის ენა და ტექსტის დადგენის ზოგიერთი საკითხი
653 _aქართველ მწერალთა ენა
653 _aჭავჭავაძე ილია
700 _aაბაშიძე, გ.
_eრედაქტორი
_91910
710 _aსაქ. მეცნიერებათა აკადემია
_98073
710 _aშ. რუსთაველის სახ. ქართული ლიტერატურის ინსტიტუტი
_98074
942 _cBK
_2udc